Environmentálny rozmer stratégií firiem ako prvok rastu konkurencieschopnosti v Európskej únii (v podmienkach SR) správa o riešení projektu mladých vedeckých pracovníkov I-14-109-00 : doba riešenia 2014

Salvato in:
Dettagli Bibliografici
Autore principale: Furdová, Lucia, 1984-
Ente Autore: Obchodná fakulta EU. Katedra medzinárodného obchodu
Altri autori: Šprochová, Lenka, Abdová, Mariam, Baumgartner, Boris, Nebeský, Ľubomír
Natura: Libro
Lingua:slovacco
Pubblicazione: Bratislava 2014
Soggetti:
Tags: Aggiungi Tag
Nessun Tag, puoi essere il primo ad aggiungerne!!

MARC

LEADER 00000nam a2200000 4500
001 0213048
005 20240506135138.2
041 0 |a slo 
044 |a SK 
245 1 0 |a Environmentálny rozmer stratégií firiem ako prvok rastu konkurencieschopnosti v Európskej únii (v podmienkach SR)  |b správa o riešení projektu mladých vedeckých pracovníkov I-14-109-00 : doba riešenia 2014  |c zodpovedný riešiteľ: Lucia Furdová, spoluriešitelia: Lenka Šprochová, Mariam Abdová ; oponenti: Boris Baumgartner, Ľubomír Nebeský 
264 1 |a Bratislava  |c 2014 
300 |a 13 s.  |e 6 príl. 
610 2 0 |a konkurencieschopnosť 
610 2 0 |a stratégia podnikateľská 
610 2 0 |a výhody konkurenčné 
610 2 0 |a politika environmentálna 
610 2 0 |a kríza hospodárska 
610 2 0 |a prostredie životné 
610 2 0 |a Slovensko 
610 2 0 |a Európska únia 
100 1 |a Furdová, Lucia, 1984- 
700 1 |a Šprochová, Lenka 
700 1 |a Abdová, Mariam 
700 1 |a Baumgartner, Boris 
700 1 |a Nebeský, Ľubomír 
710 2 |a Obchodná fakulta EU. Katedra medzinárodného obchodu